Spoken english through phonetic drills / (Record no. 72670)
[ view plain ]
| 000 -LEADER | |
|---|---|
| fixed length control field | 00570nam a22002057i 4500 |
| 003 - CONTROL NUMBER IDENTIFIER | |
| control field | URS |
| 005 - DATE AND TIME OF LATEST TRANSACTION | |
| control field | 20230817141500.0 |
| 008 - FIXED-LENGTH DATA ELEMENTS--GENERAL INFORMATION | |
| fixed length control field | 160328s1964 ph ||||| |||| 00| 0 eng d |
| 040 ## - CATALOGING SOURCE | |
| Transcribing agency | URS |
| 050 00 - LIBRARY OF CONGRESS CALL NUMBER | |
| Classification number | LB15 |
| Item number | .M11 1964 |
| 100 1# - MAIN ENTRY--PERSONAL NAME | |
| Personal name | Manalo, Jose M. |
| Relator term | author |
| 245 10 - TITLE STATEMENT | |
| Title | Spoken english through phonetic drills / |
| 264 #1 - PRODUCTION, PUBLICATION, DISTRIBUTION, MANUFACTURE, AND COPYRIGHT NOTICE | |
| Place of production, publication, distribution, manufacture | Metro Manila |
| Name of producer, publisher, distributor, manufacturer | National Book Store |
| Date of production, publication, distribution, manufacture, or copyright notice | 1964. |
| 300 ## - PHYSICAL DESCRIPTION | |
| Extent | xix, 264 p. |
| Other physical details | col. ill.; 22 cm. |
| 336 ## - CONTENT TYPE | |
| Content type term | text |
| Content type code | txt |
| Source | rdacontent |
| 337 ## - MEDIA TYPE | |
| Media type term | unmediated |
| Media type code | n |
| Source | rdamedia |
| 338 ## - CARRIER TYPE | |
| Carrier type term | volume |
| Carrier type code | nc |
| Source | rdacarrier |
| 650 #0 - SUBJECT ADDED ENTRY--TOPICAL TERM | |
| Topical term or geographic name entry element | English |
| 942 ## - ADDED ENTRY ELEMENTS (KOHA) | |
| Koha item type | Reserved Books |
| Source of classification or shelving scheme | Library of Congress Classification |
| Withdrawn status | Source of classification or shelving scheme | Damaged status | Not for loan | Collection code | Home library | Current library | Shelving location | Date acquired | Total Checkouts | Full call number | Barcode | Date last seen | Price effective from | Koha item type |
|---|---|---|---|---|---|---|---|---|---|---|---|---|---|---|
| Library of Congress Classification | Non-fiction | Tanay College Library | Tanay College Library | General Stacks | 02/10/2015 | LB15 .M11 1964 | URSTAN-4355 | 12/07/2018 | 02/10/2015 | Reserved Books | ||||
| Library of Congress Classification | Non-fiction | Tanay College Library | Tanay College Library | General Stacks | 03/13/2015 | LB 15 M11 1964 | URSTAN-4354 | 03/13/2015 | 03/13/2015 | Filipiniana |